| 000 | 01937nam a22003614a 4500 | ||
|---|---|---|---|
| 001 | BIBLIOTECA MUNICIPAL DE BARRANCO | ||
| 007 | ta | ||
| 008 | t pe gr 00| 0 spa d | ||
| 020 | _a84-8387-001-0 | ||
| 040 | _aBIBLIOTECA MUNICIPAL DE BARRANCO | ||
| 041 | _aspa | ||
| 043 | _cpe | ||
| 082 |
_2985.0191 _bS21 1993. |
||
| 100 | _aSanta Cruz Pachacuti Yamqui Salcamaygua, Juan, s. XVI. | ||
| 245 |
_aRelación de antigüedades deste reyno del Piru : _bestudio etnohistórico y lingüístico de Pierre Duviols y César Itier / _cJoan de Santa Cruz Pachacuti Yamqui Salcamaygua. |
||
| 250 | _aEd. facsím. | ||
| 260 |
_aCusco : _b Institute Francais d'Etudes Andines : Centro de Estudios Regionales Andinos Bartolomé de Las Casas, _c1993. |
||
| 300 |
_a276 p. : _bil., facsíms. ; _c25 cm. |
||
| 490 | _aTravaux de l'Institut Français d'Études Andines. 74 | ||
| 490 | _aArchivos de historia andina. 17 | ||
| 500 | _a"Edición facsimilar y transcrpción paleográfica del CODICE DE MADRID" | ||
| 504 | _aIncluye referencias bibliográficas e índices. | ||
| 505 | _aContenido: Estudio y comentario etnohistórico / Pierre Duviols -- Estudio y comentario lingüístico / César Itier | ||
| 520 | _aAnálisis hermenéutico de la crónica de Juan Santa Cruz Pachacuti estableciendo su importancia etnohistórica y lingüística, debido a su origen andino e informaciones del pasado pre-hispánico y colonial. | ||
| 600 | 0 |
_96404 _aSanta Cruz Pachacuti Yamqui Salcamaygua, Juan, s. XVI.Relación de antigüedades deste reyno del Pirú. |
|
| 650 | 0 |
_96405 _aCronistas-Perú. |
|
| 651 | 0 |
_96406 _aPerú-Historia-Época Prehispánica. |
|
| 700 |
_96407 _aDuviols, Pierre, 1928- |
||
| 700 |
_96408 _aItier, César. |
||
| 710 |
_91042 _aInstitut Français d'Études Andines (Lima) |
||
| 710 |
_96409 _aCentro de Estudios Regionales Andinos Bartolomé de Las Casas (Cusco) |
||
| 942 |
_cBK _e2025-01-28 _zAAOH |
||
| 999 |
_c10638 _d10638 |
||